| 000 | 01760nam a2200361 c 4500 | ||
|---|---|---|---|
| 003 | BLK | ||
| 005 | 20180420230050.0 | ||
| 008 | 180409b bul|||||r ||||||| ||bul|| | ||
| 010 | _aKNG00106088000 | ||
| 020 |
_a954-509-245-9 _bиздат.: Воен. изд. |
||
| 040 | _aBLK | ||
| 041 |
_aBUL _cBUL |
||
| 080 |
_aПолитическо преследване. Терористични действия. Тероризъм - Атентати, политически убийства. Вж и 343.1 ; 343.3/.7 _b323.28 _x(091) _z323.28(091) |
||
| 080 |
_aПолитически интриги. Подривна дейност. Диверсии. Пета колона _b327.88 _x _z327.88 |
||
| 080 |
_aОргани на обществения ред. Полиция. Обществена власт. Доброволни отреди. Държавна сигурност. Милиция. Дейност на полицията по вътрешно разузнаване _b351.74 _x _z351.74 |
||
| 100 | 1 |
_aСтоянов, Георги Стоянов _eпърви автор _9256393 |
|
| 139 |
_aСтоянов, Георги Стоянов _bС 83 |
||
| 245 | 1 | 0 |
_aТероризъм _bИстория и генезис _cГеорги Стоянов Стоянов. |
| 257 | _aBGR | ||
| 260 |
_аСофия _bВоен. изд. _c2003 |
||
| 300 |
_a148 с. _c24 см |
||
| 380 | _a3 | ||
| 500 | _aОфс. изд. | ||
| 650 | 4 |
_aТероризъм - история и генезис _9285423 |
|
| 650 | 4 |
_aОхрана и сигурност _9266473 |
|
| 653 | _aтероризъм | ||
| 653 | _aспецслужби | ||
| 852 | _aЦб 214804 | ||
| 856 | 4 |
_qpdf _u |
|
| 856 | 4 |
_qpdf _u |
|
| 942 |
_cKNG _n0 |
||
| 944 |
_aCR _c01.01.2003 _kЦветанка_Енчева |
||
| 944 |
_aED _c04.04.2005 _k |
||
| 999 |
_c101046 _d101046 |
||